Spoken english : (Record no. 37662)
[ view plain ]
| 000 -LEADER | |
|---|---|
| fixed length control field | 00728nam a22002057a 4500 |
| 005 - DATE AND TIME OF LATEST TRANSACTION | |
| control field | 2010072602032.0 |
| 010 ## - LCCN (DPL NO) | |
| LC control number | ENG-96587 |
| 020 ## - INTERNATIONAL STANDARD BOOK NUMBER | |
| International Standard Book Number | 818316157x |
| Terms of availability | 600.00 |
| 035 ## - SYSTEM CONTROL NUMBER | |
| System control number | EN-80120 |
| 037 ## - SOURCE OF ACQUISITION | |
| Source of stock number/acquisition | DBAD/PUB |
| 082 ## - DEWEY DECIMAL CLASSIFICATION NUMBER | |
| Classification number | 488 |
| 100 ## - MAIN ENTRY--PERSONAL NAME | |
| Personal name | Adinarayana, L. |
| 245 ## - TITLE STATEMENT | |
| Title | Spoken english : |
| Statement of responsibility, etc | by L.Adinarayana |
| Remainder of title | intensive practice to speak appropriately,fluently & accurately / |
| 260 ## - PUBLICATION, DISTRIBUTION, ETC. (IMPRINT) | |
| Place of publication, distribution, etc | New Delhi |
| Name of publisher, distributor, etc | Neelkamal Publication |
| Date of publication, distribution, etc | 2007 |
| 270 ## - ADDRESS | |
| Address | BG5/9B,Paschim Vihar |
| City | New Delhi |
| Postal code | 110063 |
| 300 ## - PHYSICAL DESCRIPTION | |
| Extent | viii,320p. |
| Dimensions | 23cm (Hb) |
| Accompanying material | 1 CD-ROM |
| 700 ## - ADDED ENTRY--PERSONAL NAME | |
| 9 (RLIN) | 1414 |
| 942 ## - ADDED ENTRY ELEMENTS (KOHA) | |
| Source of classification or shelving scheme | Dewey Decimal Classification |
| Item type | English Books |
| Classification part | 488 |
| Call number suffix | ADI |
| Withdrawn status | Lost status | Not for loan | Collection code | Home library | Current library | Date acquired | Source of acquisition | Cost, normal purchase price | Full call number | Barcode | Copy number | Cost, replacement price | Koha item type |
|---|---|---|---|---|---|---|---|---|---|---|---|---|---|
| Not For Loan | Non-fiction | D.B.Act.Division | D.B.Act.Division | 26/07/2010 | DBAD/PUB | 600.00 | 488 ADI | EN-80120 | 1 | 600.00 | English Books |
